<?xml version="1.0" encoding="UTF-8"?>
<record
    xmlns:xsi="http://www.w3.org/2001/XMLSchema-instance"
    xsi:schemaLocation="http://www.loc.gov/MARC21/slim http://www.loc.gov/standards/marcxml/schema/MARC21slim.xsd"
    xmlns="http://www.loc.gov/MARC21/slim">

  <leader>01356naa a2200229 i 4500</leader>
  <controlfield tag="001">1531</controlfield>
  <controlfield tag="003">KOSZ 005</controlfield>
  <controlfield tag="005">20180122153604.0</controlfield>
  <controlfield tag="008">151006s2009    pl     f     |000 0 pol</controlfield>
  <datafield tag="040" ind1=" " ind2=" ">
    <subfield code="c">BPK</subfield>
    <subfield code="d">KOSZ 005/EG</subfield>
  </datafield>
  <datafield tag="041" ind1=" " ind2=" ">
    <subfield code="a">pol</subfield>
    <subfield code="b">eng</subfield>
  </datafield>
  <datafield tag="080" ind1=" " ind2=" ">
    <subfield code="a">339.138</subfield>
  </datafield>
  <datafield tag="100" ind1="1" ind2=" ">
    <subfield code="a">OCZACHOWSKA, Alina.</subfield>
    <subfield code="d">2004 - .</subfield>
    <subfield code="b">Politechnika Koszali&#x144;ska - Instytut Ekonomii i Zarz&#x105;dzania,</subfield>
    <subfield code="c">Zak&#x142;ad Marketingu</subfield>
  </datafield>
  <datafield tag="245" ind1="1" ind2="0">
    <subfield code="a">Hotel Gromada w Koszalinie - studium przypadku = </subfield>
    <subfield code="b">Hotel Gromada Koszalin - case study /</subfield>
    <subfield code="c">Alina Oczachowska.</subfield>
  </datafield>
  <datafield tag="246" ind1="3" ind2="1">
    <subfield code="a">Hotel Gromada Koszalin - case study</subfield>
  </datafield>
  <datafield tag="500" ind1=" " ind2=" ">
    <subfield code="a">Dane z autopsji.</subfield>
  </datafield>
  <datafield tag="520" ind1=" " ind2=" ">
    <subfield code="a">Pr&#xF3;ba oceny dzia&#x142;alno&#x15B;ci Hotelu Gromada w Koszalinie w konkurencyjnym &#x15B;rodowisku. Zanalizowano jedn&#x105; z form nowoczesnej promocji, jak&#x105; jest Internet. Poddano analizie jako&#x15B;ciowej us&#x142;ugi &#x15B;wiadczone przez recepcj&#x119; hotelow&#x105; oraz restauracj&#x119;. Pos&#x142;u&#x17C;ono si&#x119; metod&#x105; cz&#x119;sto stosowan&#x105; w badaniu us&#x142;ug zwan&#x105; "tajemniczy klient".</subfield>
  </datafield>
  <datafield tag="650" ind1=" " ind2="0">
    <subfield code="a">Hotelarstwo - konkurencyjno&#x15B;&#x107;.</subfield>
  </datafield>
  <datafield tag="650" ind1=" " ind2="0">
    <subfield code="a">Koszalin (woj. zachodniopomorskie).</subfield>
  </datafield>
  <datafield tag="773" ind1="0" ind2=" ">
    <subfield code="i">W :</subfield>
    <subfield code="t">Marketing w rozwoju turystyki : praca zbiorowa / pod red. Jacka Chotkowskiego. -</subfield>
    <subfield code="d">Koszalin : Wydaw. Uczelniane Politechniki Koszali&#x144;skiej, 2009. -</subfield>
    <subfield code="g">s. 267-280</subfield>
    <subfield code="k">Monografia Instytutu Ekonomii i Zarz&#x105;dzania / Politechnika Koszali&#x144;ska ; nr 161</subfield>
  </datafield>
  <datafield tag="942" ind1=" " ind2=" ">
    <subfield code="c">ROZ</subfield>
    <subfield code="2">UKD</subfield>
  </datafield>
  <datafield tag="999" ind1=" " ind2=" ">
    <subfield code="c">1531</subfield>
    <subfield code="d">1531</subfield>
  </datafield>
  <datafield tag="952" ind1=" " ind2=" ">
    <subfield code="0">0</subfield>
    <subfield code="1">0</subfield>
    <subfield code="4">0</subfield>
    <subfield code="7">0</subfield>
    <subfield code="a">BPK</subfield>
    <subfield code="b">BPK</subfield>
    <subfield code="o">91530</subfield>
    <subfield code="y">ROZ</subfield>
  </datafield>
</record>
